Administración de marketing : estrategias y programas

Uloženo v:
Podrobná bibliografie
Hlavní autor: Guiltinan, Joseph P.
Další autoři: Paul, Gordon W.
Médium: Kniha
Vydáno: México : McGraw-Hill 1994
Témata:
Tagy: Přidat tag
Žádné tagy, Buďte první, kdo vytvoří štítek k tomuto záznamu!

MARC

LEADER 00000nam a2200000Ia 4500
003 000834
005 20221231143949.0
008 140114s1994 mx a 000 ||s d
040 |c cru CEDI 
082 |a  658.8 G956a  
100 |a Guiltinan, Joseph P.  |9 18510 
245 |a Administración de marketing : estrategias y programas 
260 |a  México : McGraw-Hill  |c 1994 
300 |a  xxi, 576 páginas : ilustraciones  
500 |a  Traducción de: Marketing management strategies and programs. 5. ed 
650 |x MERCADEO  |9 18512 
700 |9 18511  |a Paul, Gordon W. 
942 |2 ddc  |c BK 
999 |c 14877  |d 14877